By the Numbers #43 - Statistics

General Stats
  • This quiz has been taken 49 times
  • The average score is 11 of 20
Answer Stats
Hint Explanation Answer % Correct
Number of U.S. states whose name starts with “Z” 0
97%
Number of nickels equivalent to US$ 15 1 dollar = 100 cents
1 nickel = 5 cents
1 dollar = 20 nickels (100 cents ÷ 5 cents = 20)

20 nickels * 15 = 300 nickels

300
86%
Number of national capitals (of a sovereign state) whose English language name begins with “Q” Quito, Ecuador 1
81%
Three score minus a quintet A score = 20
A quintet = 5

(3 * 20) - 5

60 - 5
55
78%
17 * 17 = x 17 * 17 = 289

289 = 17
17
75%
Number of JetPunk sovereign states that have a land border with Andorra Wikipedia 2
75%
Number of feet under in the title of the 2001-2005 HBO TV series starring Peter Krause and Michael C. Hall Ball, Alan; Greenblatt, Robert; Janollari, David; Poul, Alan; Kaplan, Bruce Eric; Cleveland, Rick (Executive producers). (2001-2005). Six Feet Under [TV series]. Actual Size Films; The Greenblatt/Janollari Studio; HBO Entertainment. 6
75%
13 11/19 + 17 8/19 = x (13 + 11/19) + (17 + 8/19)

(13 + 17) + (11/19 + 8/19)

30 + 19/19

30 + 1
31
72%
XLVII + III The Roman numerals XLVII and III are equivalent to the Arabic numbers 47 and 3, respectively.

47 + 3
50
72%
Number of Canadian provinces that border Montana British Columbia, Alberta, Saskatchewan 3
58%
Mill Run Road address of Fallingwater, the weekend retreat Frank Lloyd Wright designed for Pittsburgh businessman Edgar J. Kaufmann in Mill Run, Pennsylvania fallingwater.org 1491
56%
Number in the name of the club found in the title of a Christian news/opinion TV show. Ross, Scott (Current producer). (1966-present). The 700 Club [TV series]. Christian Broadcasting Network; Freeform. 700
56%
Number of sides an icosagon has. Wikipedia 20
44%
Number of Old Testament books in a Protestant Bible. Wikipedia 39
44%
Number of JetPunk sovereign states whose English language JetPunk name begins with “V” Vanuatu, Vatican City, Venezuela, Vietnam 4
44%
Atomic number of the element phosphorus Wikipedia 15
33%
Number of feet apart in the title of the 2019 film starring Haley Lu Richardson and Cole Sprouse Baldoni, Justin (Director). (2019). Five Feet Apart [Film]. CBS Films; Welle Entertainment; Wayfarer Entertainment. 5
28%
Number of U.S. states admitted to the Union between 1881 and 1900, inclusive 1889. North Dakota, South Dakota, Montana, Washington
1890. Idaho, Wyoming
1896. Utah
7
22%
January date on which the Episcopal church celebrates the Confession of Saint Peter the Apostle liturgical-calendar.com 18
17%
Number found in the title of Katherine Neville’s 1988 novel about a computer wiz trying to recover Charlemagne’s chess set Neville, Katherine. (1988). The Eight. Ballantine Books. 8
17%
No matching quizzes found
Score Distribution
Percent of People with Each Score
Percentile by Number Answered
Your Score History
You have not taken this quiz